[Event "SLO-ch U12 Girls"]
[Site "Ptuj"]
[Date "2017.03.01"]
[Round "6"]
[White "Jelen, Anja"]
[Black "Kusej Kolosa, Vita"]
[Result "1-0"]
[WhiteElo "1135"]
[BlackElo "1766"]
[PlyCount "111"]
[EventDate "2017.02.27"]
[EventType "swiss"]
[EventRounds "9"]
[EventCountry "SLO"]
[SourceTitle "CBM 177 Extra"]
[Source "ChessBase"]
[SourceDate "2017.04.27"]
[SourceVersion "1"]
[SourceVersionDate "2017.04.27"]
[SourceQuality "1"]

1. e4 d6 2. d4 g6 3. Nf3 Bg7 4. Nc3 Nf6 5. Bg5 e5 6. dxe5 dxe5 7. Qxd8+ Kxd8 8. 0-0-0+ Nbd7 9. Nxe5 Ke7 10. Nxd7 Bxd7 11. e5 Bf5 12. exf6+ Bxf6 13. Bxf6+ Kxf6 14. Bc4 Rhe8 15. Nd5+ Kg7 16. Nxc7 Re4 17. Nxa8 Rxc4 18. Rd2 Rc8 19. Rhd1 Rxa8 20. Rd8 Rxd8 21. Rxd8 h5 22. Kd2 Kh6 23. Rd4 g5 24. Rd6+ Kg7 25. f3 f6 26. h3 g4 27. hxg4 hxg4 28. fxg4 Bxg4 29. c4 Kf7 30. b4 Ke7 31. Rd4 Bf5 32. a4 Be6 33. Kc3 f5 34. g3 Kf7 35. a5 Ke7 36. b5 Bd7 37. Kb4 Kd8 38. c5 Kc7 39. Rd6 Be8 40. b6+ axb6 41. axb6+ Kc8 42. Rd4 Bd7 43. Kc4 Kd8 44. Rd6 Kc8 45. Kd5 Kd8 46. c6 bxc6+ 47. Rxc6 Bxc6+ 48. Kxc6 Kc8 49. Kd5 Kb7 50. Ke5 Kxb6 51. Kxf5 Kc7 52. Kf6 Kd7 53. Kf7 Kd6 54. g4 Ke5 55. g5 Kf5 56. g6 1-0

[Event "SLO-ch U12 Girls"]
[Site "Ptuj"]
[Date "2017.02.28"]
[Round "4"]
[White "Casar, Zala"]
[Black "Kusej Kolosa, Vita"]
[Result "0-1"]
[WhiteElo "1599"]
[BlackElo "1766"]
[PlyCount "106"]
[EventDate "2017.02.27"]
[EventType "swiss"]
[EventRounds "9"]
[EventCountry "SLO"]
[SourceTitle "CBM 177 Extra"]
[Source "ChessBase"]
[SourceDate "2017.04.27"]
[SourceVersion "1"]
[SourceVersionDate "2017.04.27"]
[SourceQuality "1"]

1. e4 c5 2. Nf3 d6 3. d4 cxd4 4. Nxd4 Nf6 5. Nc3 e6 6. Bb5+ Bd7 7. Bxd7+ Nbxd7 8. 0-0 Be7 9. Bg5 0-0 10. Bxf6 Nxf6 11. Nf3 Qc7 12. Nb5 Qc5 13. Nc3 Rac8 14. Qd4 Qxd4 15. Nxd4 Rc4 16. Ndb5 a6 17. b3 Rc5 18. b4 Rc4 19. Ne2 axb5 20. c3 Nxe4 21. f3 Nxc3 22. Nc1 Rxb4 23. Nd3 Rd4 24. Nb2 Rd2 25. Nd1 Nxd1 26. Rfxd1 Rxd1+ 27. Rxd1 Rc8 28. h3 Rc2 29. a3 Ra2 30. Rc1 h6 31. Rc3 d5 32. Rb3 Rxa3 33. Rxb5 Ra7 34. g4 g5 35. Kg2 Kg7 36. Rb3 Kf6 37. Rd3 b5 38. Rd4 b4 39. Rd3 Ke5 40. Kg3 Rb7 41. Re3+ Kd4 42. Kf2 b3 43. Re1 b2 44. Rb1 Kc3 45. Ke2 Kc2 46. Rd1 b1Q 47. Rxb1 Rxb1 48. Kf2 d4 49. f4 gxf4 50. g5 Bxg5 51. h4 d3 52. h5 d2 53. Kg2 d1Q 0-1